Lend-lease, weapon for victory
Сохранить в:
| Главный автор: | |
|---|---|
| Формат: | |
| Язык: | Undetermined |
| Опубликовано: |
New York
The Macmillan company
1944
|
| Предметы: | |
| Метки: |
Добавить метку
Нет меток, Требуется 1-ая метка записи!
|
| Thư viện lưu trữ: | Trung tâm Học liệu Trường Đại học Cần Thơ |
|---|
| LEADER | 00599nam a2200217Ia 4500 | ||
|---|---|---|---|
| 001 | CTU_77878 | ||
| 008 | 210402s9999 xx 000 0 und d | ||
| 082 | |a 940.54 | ||
| 082 | |b S841 | ||
| 100 | |a Stettinius, Edward Reilly | ||
| 245 | 0 | |a Lend-lease, weapon for victory | |
| 245 | 0 | |c Edward Reilly Stettinius | |
| 260 | |a New York | ||
| 260 | |b The Macmillan company | ||
| 260 | |c 1944 | ||
| 650 | |a World war,World war | ||
| 650 | |x Supplies,Finance | ||
| 650 | |y 1939-1945,1939-1945 | ||
| 650 | |z United States | ||
| 904 | |i Năm | ||
| 980 | |a Trung tâm Học liệu Trường Đại học Cần Thơ | ||